| 000 | 01238nam a22002537a 4500 | ||
|---|---|---|---|
| 003 | UA-OsUOA | ||
| 001 | 131432 | ||
| 007 | ta | ||
| 008 | 20180605b un ||||| |||| 00| 0 ukr d | ||
| 090 | _bW-45 | ||
| 942 | _cMGN | ||
| 040 |
_aUA-OsUOA _beng _cUA-OsUOA _dUA-OsUOA |
||
| 245 |
_aWacana _cCHIEF EDITOR Nila Firdausi Nuzula (FIA UB) |
||
| 955 | _a1 | ||
| 041 | _aeng | ||
| 022 | _a1411-0199 | ||
| 856 | 4 | 0 | _uhttp://wacana.ub.ac.id/index.php/wacana/issue/view/56 |
| 520 | 3 | _aWACANA Journal publishes scientific papers on the research and scientific studies in the scope of humanities and social studies, such as anthropology, studies, business, communication studies, corporate governance, criminology, the study of cross-cult | |
| 520 | 3 | _aural, demographic, economic studies of development, the study of education and ethics, social geography, the study of information technology management, industrial relations, international relations, legal studies, media studies, political science, th | |
| 520 | 3 | _ae study of population dynamics, the study of psychology, the study of public administration, social welfare, religious studies and linguistics. | |
| 260 | _c2017 | ||
| 246 | 3 | 1 |
_aJurnal Sosial dan Humaniora _n1 |
| 650 | 7 | _2UDC | |
| 999 |
_c419686 _d419686 |
||